[Event "CAN-ch U20"]
[Site "Mississauga"]
[Date "2011.04.23"]
[Round "4"]
[White "Miller, David"]
[Black "Giblon, Rebecca"]
[Result "1-0"]
[WhiteElo "1944"]
[BlackElo "1580"]
[PlyCount "37"]
[EventDate "2011.04.21"]
[EventType "swiss"]
[EventRounds "9"]
[EventCountry "CAN"]
[SourceTitle "EXT 2022"]
[Source "ChessBase"]
[SourceDate "2021.10.06"]
[SourceVersion "1"]
[SourceVersionDate "2021.10.06"]
[SourceQuality "1"]

1. e4 e5 2. Nf3 Nc6 3. Bb5 a6 4. Ba4 Nf6 5. 0-0 Nxe4 6. d4 exd4 7. Re1 f5 8. Nxd4 Bc5 9. Rxe4+ fxe4 10. Qh5+ g6 11. Qxc5 Qf6 12. Be3 Rf8 13. Nc3 b6 14. Qd5 Bb7 15. Nxe4 Qh4 16. Bg5 Qh5 17. Nxc6 Rf5 18. Qg8+ Rf8 19. Nf6# 1-0

[Event "CAN-ch U20"]
[Site "Mississauga"]
[Date "2011.04.22"]
[Round "3"]
[White "Giblon, Melissa"]
[Black "Giblon, Rebecca"]
[Result "0-1"]
[WhiteElo "1348"]
[BlackElo "1580"]
[PlyCount "54"]
[EventDate "2011.04.21"]
[EventType "swiss"]
[EventRounds "9"]
[EventCountry "CAN"]
[SourceTitle "EXT 2022"]
[Source "ChessBase"]
[SourceDate "2021.10.06"]
[SourceVersion "1"]
[SourceVersionDate "2021.10.06"]
[SourceQuality "1"]

1. c4 e5 2. Nc3 Nf6 3. g3 d5 4. cxd5 Nxd5 5. Bg2 Nb6 6. Nf3 Nc6 7. 0-0 f6 8. d3 Be6 9. a3 Qd7 10. Be3 0-0-0 11. Bxb6 axb6 12. b4 g5 13. b5 Na5 14. a4 h5 15. Ne4 Be7 16. Qc2 h4 17. Qc3 Rdg8 18. Rab1 f5 19. Nxe5 Qd8 20. Nd2 hxg3 21. hxg3 Bf6 22. d4 f4 23. Ne4 Bg7 24. gxf4 gxf4 25. Rfd1 Bxe5 26. dxe5 Qh4 27. Qf3 Qh1# 0-1

[Event "Toronto-ch (Women)"]
[Site "Toronto"]
[Date "2010.11.30"]
[Round "2"]
[White "Zhou, Qiyu"]
[Black "Giblon, Rebecca"]
[Result "0-1"]
[WhiteElo "1464"]
[BlackElo "1564"]
[PlyCount "54"]
[EventDate "2010.11.15"]
[EventType "tourn"]
[EventRounds "5"]
[EventCountry "CAN"]
[SourceTitle "EXT 2022"]
[Source "ChessBase"]
[SourceDate "2021.10.06"]
[SourceVersion "1"]
[SourceVersionDate "2021.10.06"]
[SourceQuality "1"]

1. e4 e5 2. Nf3 Nc6 3. d4 exd4 4. Nxd4 Bc5 5. Be3 Qf6 6. c3 Nge7 7. Bc4 d6 8. 0-0 Qg6 9. f3 0-0 10. b4 Bb6 11. Kh1 Kh8 12. Qd2 Ne5 13. Bb3 f5 14. exf5 Bxf5 15. Nxf5 Nxf5 16. Bf2 Qh5 17. Bd1 Bxf2 18. Rxf2 Qh4 19. Na3 Nh6 20. g3 Qh3 21. Kg1 Rf6 22. f4 Neg4 23. Bxg4 Nxg4 24. Re2 Raf8 25. Nb5 g5 26. fxg5 Rf1+ 27. Rxf1 Rxf1# 0-1

[Event "Wch U14 Girls"]
[Site "Porto Carras"]
[Date "2010.10.20"]
[Round "1"]
[White "Giblon, Rebecca"]
[Black "Bivol, Alina"]
[Result "0-1"]
[WhiteElo "1763"]
[BlackElo "2076"]
[PlyCount "40"]
[EventDate "2010.10.20"]
[EventType "swiss"]
[EventRounds "11"]
[EventCountry "GRE"]
[SourceTitle "EXT 2011"]
[Source "ChessBase"]
[SourceDate "2010.11.26"]
[SourceVersion "1"]
[SourceVersionDate "2010.11.26"]
[SourceQuality "1"]

1. e4 e6 2. d4 d5 3. Nd2 c5 4. exd5 exd5 5. dxc5 Bxc5 6. Nb3 Bb6 7. Nf3 Nf6 8. Bg5 Bxf2+ 9. Ke2 Qb6 10. Qd3 Ne4 11. Qxd5 Nxg5 12. Qxg5 0-0 13. Rd1 Re8+ 14. Kd3 h6 15. Qf4 g5 16. Qa4 Bd7 17. Qa3 Qe3+ 18. Kc4 b5+ 19. Kb4 a5+ 20. Nxa5 Na6# 0-1

[Event "CAN-ch U14 Girls"]
[Site "Windsor"]
[Date "2010.07.09"]
[Round "7"]
[White "Yun, Chang"]
[Black "Giblon, Rebecca"]
[Result "1-0"]
[WhiteElo "1475"]
[BlackElo "1493"]
[PlyCount "101"]
[EventDate "2010.07.06"]
[EventType "swiss"]
[EventRounds "7"]
[EventCountry "CAN"]
[SourceTitle "EXT 2012"]
[Source "ChessBase"]
[SourceDate "2011.11.24"]
[SourceVersion "1"]
[SourceVersionDate "2011.11.24"]
[SourceQuality "1"]

1. e4 e5 2. Nf3 Nc6 3. Bb5 a6 4. Ba4 Nf6 5. 0-0 d6 6. Bxc6+ bxc6 7. d4 Nxe4 8. Qe2 Bf5 9. dxe5 Be7 10. Nd4 Qd7 11. exd6 Nxd6 12. Re1 Nc8 13. Qc4 Bg6 14. Nxc6 0-0 15. Ne5 Qd8 16. Nxg6 hxg6 17. Nc3 Nb6 18. Qe4 Re8 19. Bf4 Qd7 20. Qf3 g5 21. Rad1 Qc8 22. Bg3 f5 23. Nd5 Nxd5 24. Qxd5+ Kf8 25. Be5 Bf6 26. Bxf6 gxf6 27. Rxe8+ Qxe8 28. Qxf5 Qe7 29. Kf1 Re8 30. Qf3 Qe5 31. b3 Qxh2 32. Qxf6+ Kg8 33. Qxg5+ Kh8 34. Qf6+ Kg8 35. Qg6+ Kf8 36. Qf5+ Kg8 37. Qg4+ Kf8 38. Qf3+ Kg8 39. Qg3+ Qxg3 40. fxg3 Re6 41. Rd8+ Kf7 42. Rd7+ Kg6 43. Rxc7 Rf6+ 44. Ke2 Kf5 45. Re7 Kg4 46. Re3 Rd6 47. c4 a5 48. Rd3 Rc6 49. Kd2 a4 50. Rf3 axb3 51. axb3 1-0

[Event "CAN-ch U14 Girls"]
[Site "Windsor"]
[Date "2010.07.08"]
[Round "5"]
[White "Giblon, Rebecca"]
[Black "Wang, Yan"]
[Result "1-0"]
[WhiteElo "1493"]
[BlackElo "1577"]
[PlyCount "111"]
[EventDate "2010.07.06"]
[EventType "swiss"]
[EventRounds "7"]
[EventCountry "CAN"]
[SourceTitle "EXT 2012"]
[Source "ChessBase"]
[SourceDate "2011.11.24"]
[SourceVersion "1"]
[SourceVersionDate "2011.11.24"]
[SourceQuality "1"]

1. e4 c5 2. Nf3 Nc6 3. d4 cxd4 4. Nxd4 g6 5. Be3 Bg7 6. Nc3 d6 7. Qd2 Nf6 8. Be2 a6 9. 0-0-0 0-0 10. f4 Qc7 11. Rdf1 b5 12. f5 b4 13. Nd5 Nxd5 14. exd5 Nxd4 15. Bxd4 Bxf5 16. Bxg7 Kxg7 17. Rxf5 gxf5 18. Qg5+ Kh8 19. Bd3 Rg8 20. Qxf5 Rg7 21. h4 Qc8 22. Qe4 Qg4 23. Qxe7 Qxg2 24. Rf1 Qg3 25. Qb7 Re8 26. Qxb4 Qe3+ 27. Kd1 Rg1 28. Qc3+ Kg8 29. Qf6 Rxf1+ 30. Qxf1 Qd4 31. Qg2+ Kh8 32. Qf3 Qxb2 33. Bxh7 Qa1+ 34. Kd2 Qe1+ 35. Kd3 Re3+ 36. Qxe3 Qxe3+ 37. Kxe3 Kxh7 38. Kf4 Kg6 39. a3 Kh5 40. Kf5 Kxh4 41. Kf6 Kg4 42. Kxf7 Kf5 43. Ke7 Ke5 44. c4 a5 45. a4 Kd4 46. Kxd6 Kxc4 47. Kc6 Kb4 48. d6 Kxa4 49. d7 Kb3 50. d8Q a4 51. Qd1+ Ka3 52. Qa1+ Kb3 53. Kb5 a3 54. Kc5 a2 55. Kd4 Ka3 56. Kc3 1-0